Leader of Every Country - Statistics

General Stats
  • This quiz has been taken 35 times
    10 since last reset
  • The average score is 25 of 196
Answer Stats
Country Type Head of State % Correct
United States President Donald Trump
100%
United Kingdom King Charles III
88%
Jamaica Prime Minister Andrew Holness
63%
Australia Prime Minister Anthony Albanese
63%
Israel Prime Minister Benjamin Netanyahu
63%
New Zealand Prime Minister Christopher Luxon
63%
Grenada Prime Minister Dickon Mitchell
63%
France President Emmanuel Macron
63%
Tuvalu Prime Minister Feleti Teo
63%
Antigua and Barbuda Prime Minister Gaston Browne
63%
Papua New Guinea Prime Minister James Marape
63%
Solomon Islands Prime Minister Jeremiah Manele
63%
Belize Prime Minister Johnny Briceño
63%
Canada Prime Minister Justin Trudeau
63%
North Korea Supreme Leader Kim Jong Un
63%
Bahamas Prime Minister Philip Davis
63%
Saint Lucia Prime Minister Philip Pierre
63%
Saint Vincent and the Grenadines Prime Minister Ralph Gonsalves
63%
Saint Kitts and Nevis Prime Minister Terrence Drew
63%
Russia President Vladimir Putin
63%
China General Secretary of the CCP Xi Jinping
63%
Italy Prime Minister Giorgia Meloni
50%
Vatican City Sovereign Leo XIV
50%
Morocco King Mohammed VI
50%
Jordan King Abdullah II
38%
Ethiopia Prime Minister Abiy Ahmed
38%
Monaco Prince Albert II
38%
Poland Prime Minister Donald Tusk
38%
Spain King Felipe VI
38%
Argentina President Javier Milei
38%
Ukraine President Voldymyr Zelenskyy
38%
Egypt President Abdel Fattah el-Sisi
25%
Iran Supreme Leader Ali Khamenei
25%
Belgium Prime Minister Bart De Wever
25%
Sweden King Carl XVI
25%
Mexico President Claudia Sheinbaum
25%
Albania Prime Minister Edi Rama
25%
Guyana President Irfaan Ali
25%
Eswatini King Mswati III
25%
India President Narendra Modi
25%
El Salvador President Nayib Bukele
25%
Venezuela President Nicolás Maduro
25%
Germany Chancellor Olaf Scholz
25%
Thailand King Rama X
25%
Slovakia Prime Minister Robert Fico
25%
Japan Prime Minister Shigeru Ishiba
25%
Hungary President Viktor Orbán
25%
Netherlands King Willem-Alexander
25%
Syria Emir Ahmed al-Sharaa
13%
Belarus Chairman Alexander Lukashenko
13%
Malaysia Prime Minister Anwar Ibrahim
13%
Philippines President Bongbong Marcos
13%
South Africa President Cyril Ramaphosa
13%
Peru President Dina Boluarte
13%
Zimbabwe President Emmerson Mnangagwa
13%
Democratic Republic of the Congo President Félix Tshisekedi
13%
Denmark King Frederik X
13%
Norway King Harald V
13%
Burkina Faso President Ibrahim Traoré
13%
Eritrea President Isaias Afwerki
13%
Kazakhstan President Kassym-Jomart Tokayev
13%
Singapore Prime Minister Lawrence Wong
13%
Brazil President Luiz Inácio Lula da Silva
13%
United Arab Emirates President Mohamed bin Zayed Al Nahyan
13%
Turkey President Recep Tayyip Erdoğan
13%
Malta Prime Minister Robert Abela
13%
Tanzania President Samia Suluhu Hassan
13%
Turkmenistan President Serdar Berdimuhamedow
13%
Sudan Ruler Abdel Fattah al-Burhan
0%
Algeria President Abdelmadjid Tebboune
0%
Niger President Abdourahamane Tchiani
0%
Libya Prime Minister Abdul Hamid Dbeibeh
0%
Gambia President Adama Barrow
0%
Ivory Coast President Alassane Ouattara
0%
Kosovo Prime Minister Albin Kurti
0%
São Tomé and Príncipe Prime Minister Américo Ramos
0%
Croatia Prime Minister Andrej Plenković
0%
Madagascar President Andry Rajoelina
0%
Sri Lanka President Anura Kumara Dissanayake
0%
Mali President Assam Goita
0%
Comoros President Azali Assoumani
0%
Senegal President Bassirou Diomaye Faye
0%
Guatemala President Bernardo Arévalo
0%
Nigeria President Bola Tinubu
0%
Gabon President Brice Oligui Nguema
0%
Austria Chancellor Christian Stocker
0%
Mozambique President Daniel Chapo
0%
Ecuador President Daniel Noboa
0%
Nicaragua President Daniel Ortega
0%
Nauru President David Adeang
0%
Republic of the Congo President Denis Sassou Nguesso
0%
Moldova Prime Minister Dorin Recean
0%
Botswana President Duma Boko
0%
Serbia Prime Minister Đuro Macut
0%
Tajikistan President Emomali Rahmon
0%
Burundi President Évariste Ndayishimiye
0%
Latvia Prime Minister Evika Siliņa
0%
Togo Prime Minister Faure Gnassingbé
0%
Central African Republic President Faustin-Archange Touadéra
0%
Samoa Prime Minister Fiamē Naomi Mata'afa
0%
Haiti President Fritz Jean
0%
Chile President Gabriel Boric
0%
Lithuania Prime Minister Gintautas Paluckas
0%
Mongolia Prime Minister Gombojavyn Zandanshatar
0%
Colombia President Gustavo Petro
0%
Oman Sultan Haitham bin Tariq
0%
Zambia President Hakainde Hichilema
0%
Bahrain King Hamad bin Isa Al Khalifa
0%
Somalia Prime Minister Hamza Abdi Barre
0%
Liechtenstein Prince Hans-Adam II
0%
Brunei Sultan Hassanal Bolkiah
0%
Afghanistan Supreme Leader Hibatullah Akhundzada
0%
Marshall Islands President Hilda Heine
0%
North Macedonia Prime Minister Hristijan Mickoski
0%
Azerbaijan President Ilham Aliyev
0%
Romania Prime Minister Ilie Bolojan
0%
Georgia Prime Minister Irakli Kobakhidze
0%
Djibouti President Ismaïl Omar Guelleh
0%
San Marino Captain Regent Italo Righi | Denise Bronzetti
0%
Suriname President Jennifer Geerlings-Simons
0%
Bhutan King Jingme Khesar Namgyel Wangchuk
0%
Angola President João Lourenço
0%
Ghana President John Mahama
0%
Liberia President Joseph Boakai
0%
Panama President José Raúl Mulino
0%
Vanuatu Prime Minister Jotham Napat
0%
Sierra Leone President Julius Maada Bio
0%
Tunisia President Kaïs Saïed
0%
Trinidad and Tobago Prime Minister Kamla Persad-Bissessar
0%
Switzerland President Karin Keller-Sutter
0%
Nepal Prime Minister Khadga Prasad Sharma Oli
0%
Estonia Prime Minister Kristen Michal
0%
Iceland President Kristrún Frostadóttir
0%
Greece Prime Minister Kyriakos Mitsotakis
0%
Taiwan President Lai Ching-te
0%
Malawi President Lazarus Chakwera
0%
South Korea President Lee Jae Myung
0%
Lesotho King Letsie III
0%
Luxembourg Prime Minister Luc Frieden
0%
Dominican Republic President Luis Abinader
0%
Bolivia Prime Minister Luis Acre
0%
Portugal Prime Minister Luís Montenegro
0%
Chad President Mahamat Déby
0%
Guinea President Mamady Doumbouya
0%
Barbados Prime Minister Mia Mottley
0%
Ireland Prime Minister Micheál Martin
0%
Cuba President Miguel Diaz-Canel
0%
Montenegro Prime Minister Milojko Spajić
0%
Myanmar President Min Aung Hlaing
0%
Kuwait Emir Mishal Al-Ahmad Al-Jaber Al-Sabah
0%
Mauritania President Mohamed Ould Ghazouani
0%
Maldives President Mohammed Muizzu
0%
Bangladesh President Mohammed Shahabuddin
0%
Iraq Prime Minister Mohammed Shia' Al Sudani
0%
Mauritius Prime Minister Navin Ramgoolam
0%
Lebanon Prime Minister Nawaf Salam
0%
Namibia President Netumbo Nandi-Ndaitwah
0%
Armenia Prime Minister Nikol Pashinyan
0%
Cyprus President Nikos Christodoulides
0%
Cambodia King Norodom Sihamoni
0%
Benin President Patrice Talon
0%
Cameroon President Paul Biya
0%
Rwanda President Paul Kagame
0%
Czechia Prime Minister Petr Fiala
0%
Finland Prime Minister Petteri Orpo
0%
Indonesia President Prabowo Subianto
0%
Yemen Chairman Rashad al-Alimi
0%
Slovenia Prime Minister Robert Golob
0%
Costa Rica President Rodrigo Chaves Robles
0%
Dominica Prime Minister Roosevelt Skerrit
0%
Bulgaria Prime Minister Rosen Zhelyakov
0%
Kyrgyzstan President Sadyr Japarov
0%
Saudi Arabia King Salman
0%
South Sudan President Salva Kiir Mayardit
0%
Paraguay President Santiago Peña
0%
Uzbekistan President Shavkat Mirziyoyev
0%
Pakistan Prime Minister Shehbaz Sharif
0%
Fiji Prime Minister Sitiveni Rabuka
0%
Palau President Surangel Whipps Jr.
0%
Qatar Emir Tamim bin Hamad Al Thani
0%
Kiribati President Taneti Maamau
0%
Equatorial Guinea President Teodoro Obiang Nguema Mbasogo
0%
Laos General Secretary of PRP Thongloun Sisoulith
0%
Vietnam President Tô Lâm
0%
Tonga Prime Minister Tupou VI
0%
Cape Verde Prime Minister Ulisses Correia e Silva
0%
Guinea-Bissau President Umaro Sissoco Embaló
0%
Seychelles President Wavel Ramkalawan
0%
Micronesia President Wesley Simina
0%
Kenya President William Ruto
0%
East Timor Prime Minister Xanana Gusmão
0%
Andorra Prime Minister Xavier Zamora
0%
Honduras President Xiomara Castro
0%
Uruguay President Yamandú Orsi
0%
Uganda President Yoweri Museveni
0%
Bosnia and Herzegovina Chairperson Željka Cvijanović
0%
No matching quizzes found
Score Distribution
Percent of People with Each Score
Percentile by Number Answered
Your Score History
You have not taken this quiz since the last reset